Complex dynamical systems : the mathematics behind the Mandelbrot and Julia sets /
Guardado en:
| Otros Autores: | , |
|---|---|
| Formato: | Libro |
| Idioma: | English |
| Publicado: |
Providence, R.I. :
American Mathematical Society,
c1994.
|
| Series: | Proceedings of symposia in applied mathematics ;
v. 49 |
| Etiquetas: |
Agregar Etiqueta
Sin Etiquetas, Sea el primero en etiquetar este registro!
|
| LEADER | 01497nam a22002415a 4500 | ||
|---|---|---|---|
| 001 | MAT.inmabb003399 | ||
| 008 | 051114s1994####riuaf####b####001#0#eng#d | ||
| 005 | 20171012184929.0 | ||
| 245 | 1 | 0 | |a Complex dynamical systems : |b the mathematics behind the Mandelbrot and Julia sets / |c Robert L. Devaney, editor ; [authors] Bodil Branner ... [et al.]. |
| 260 | |a Providence, R.I. : |b American Mathematical Society, |c c1994. | ||
| 300 | |a ix, 209 p. : |b il. (algunas col.) ; |c 27 cm. | ||
| 440 | 0 | |a Proceedings of symposia in applied mathematics ; |v v. 49 | |
| 500 | |a "Lecture notes prepared for the American Mathematical Society short course Complex dynamical systems, held in Cincinnati, Ohio, January 10-11, 1994". | ||
| 504 | |a Incluye referencias bibliográficas e índice. | ||
| 505 | 0 | 0 | |t The complex dynamics of quadratic polynomials / |r Robert L. Devaney -- |t Puzzles and para-puzzles of quadratic and cubic polynomials / |r Bodil Branner -- |t Julia sets of rational maps / |r Linda Keen -- |t Does a Julia set depend continuously on the polynomial? / |r Adrien Douady -- |t The dynamics of Newton's method / |r Paul Blanchard -- |t The spider algorithm / |r John H. Hubbard and Dierk Schleicher -- |t Complex dynamics and entire functions / |r Robert L. Devaney. |
| 510 | 4 | |a MR, |c 95m:30036 | |
| 020 | |a 0821802909 | ||
| 700 | 1 | |a Devaney, Robert L., |d 1948- |4 edt | |
| 700 | 1 | |a Branner, Bodil. | |
| 084 | |a 37Fxx |2 msc2000 | ||
| 084 | |a 30D05 (30-06 58-06 58F23) |2 MR | ||
| 010 | |a 94024190 | ||
| 859 | |k H |p PSAM-49 |b BIB. MATEMATICA | ||
